Allgemeinwissen & mehr (Teil 3) - Statistiken

Allgemein
  • Dieses Quiz wurde 553 mal gespielt
  • Das Durchschnittsergebnis liegt bei 7 aus 20
Antwortstatistiken
Frage Antwort % Korrekt
Welche Wortart nennt man auch Eigenschaftswort oder Wiewort? Adjektiv
87%
Der skandinavische vorweihnachtliche Brauch des "Julklapp", bei dem einer zugelosten Person etwas geschenkt wird, ist in Deutschland unter welchem Namen bekannt? Wichteln
76%
Welches einheimische Säugetier (siehe Titelbild) hat den wissenschaftlichen Namen "Oryctolagus cuniculus"? Wildkaninchen
67%
Was wird mit Rum und Limettensaft vermischt, um einen Cuba Libre zu erhalten? Cola
50%
Bei welchen Tieren sagt man, dass sie "rollig" sind, wenn sie paarungsbereit sind? Katzen
49%
Welche Sängerin sang vor einem Fußballspiel die deutsche Nationalhymne mit der Zeile "Brüh im Lichte dieses Glückes"? Sarah Connor
47%
Welcher französische Hersteller produziert seit 1891 Fahrzeuge in Serie und gilt damit als die älteste noch bestehende Automarke der Welt? Peugeot
46%
Die Wildform welcher häufigen Kamelart ist bereits im Altertum ausgestorben? Dromedar
42%
Wie heißt der flächenmäßig größte vollständig in Europa gelegene Binnenstaat? Belarus
41%
In welchem Alter verstarben Betty White, Prinz Philip und Zsa Zsa Gabor? 99
39%
Aus welcher Stadt in den USA kommen das Basketball-Team Pacers und das Football-Team Colts? Indianapolis
22%
In welcher Stadt wurden 1977 die Geiseln des entführten deutschen Flugzeugs "Landshut" befreit? Mogadischu
21%
Wie bezeichnet man einen Holzzaun mit x-förmig angebrachten Latten? Jägerzaun
20%
Welche Besonderheit weisen dänische 1- und 2-Kronen-Münzen auf? Loch
20%
Nach welchem Element mit "V" ist die 5. Gruppe des Periodensystems benannt, zu der auch Niob, Tantal und Dubnium gehören? Vanadium
18%
Die Altstadt welcher französischen Stadt wird von zwei Armen des Flusses Ill umflossen? Straßburg
14%
Der Name welches häufig in Gärten und Parks zu findenden Blütenstrauchs kommt aus dem Griechischen und bedeutet "Rosenbaum"? Rhododendron
13%
Wenn ein Wirkstoff antitussiv ist, hilft er wogegen? Husten
10%
Die Bücher welches Schweizer Verlags sind meist weiß, mit einem Titelbild und darunter Text in immer der gleichen Schriftart? Diogenes
8%
Wie hieß der angebliche Hellseher, der 1933 den Reichstagsbrand voraussagte und später ermordet wurde? Hanussen
1%
Keine übereinstimmenden Quizze gefunden
Verteilung der Resultate
Anzahl Personen mit jedem Resultat
Perzentil nach korrekt beantworteten Fragen
Ihre Resultats-Entwicklung
Sie haben dieses Quiz noch nicht gespielt